Get the Picture: Rihanna or Beyoncé Quiz Stats

 Plays Quiz Updated Aug 1, 2019

Score 0/16 Timer 02:00
0 Plays Today
Question Answer Wrong Answers
Umbrella Rihanna
91.6%
Beyoncé
5.1%
Crazy in Love Beyoncé
90.6%
Rihanna
6%
Disturbia Rihanna
88%
Beyoncé
8.6%
Halo Beyoncé
87.2%
Rihanna
9.5%
Pon de Replay Rihanna
86.5%
Beyoncé
10.1%
Run the World (Girls) Beyoncé
86%
Rihanna
10.5%
Shut Up and Drive Rihanna
84.7%
Beyoncé
11.4%
If I Were a Boy Beyoncé
84.7%
Rihanna
12%
Rude Boy Rihanna
84.4%
Beyoncé
12.1%
Don't Stop the Music Rihanna
83.2%
Beyoncé
13.2%
Diva Beyoncé
81%
Rihanna
15.6%
Russian Roulette Rihanna
81%
Beyoncé
15.5%
’03 Bonnie & Clyde Beyoncé
74.7%
Rihanna
21.9%
Best Thing I Never Had Beyoncé
72%
Rihanna
24.7%
Beautiful Liar Beyoncé
68.9%
Rihanna
27.7%
Unfaithful Rihanna
64.1%
Beyoncé
32.8%

Today's Daily Dose

Missing Word
1940s A-Z

Quick Pick
'S' Athletes

Get the Picture
Depp or Bonham Carter

You're not logged in!

Compare scores with friends on all Sporcle quizzes.
OR
Log In

Sporcle TV

Today on Sporcle TV


Watch our educational content, quiz creation guides, and fun videos on Sporcle TV.

Show Comments

Extras

Top Quizzes Today


Score Distribution

Your Account Isn't Verified!

In order to create a playlist on Sporcle, you need to verify the email address you used during registration. Go to your Sporcle Settings to finish the process.

Report this User

Report this user for behavior that violates our Community Guidelines.

Details: